Tribhuvan University Central Library

सहकारी लेखाविधि (Record no. 98415)

MARC details
000 -LEADER
fixed length control field 00551nam a22002057a 4500
008 - FIXED-LENGTH DATA ELEMENTS--GENERAL INFORMATION
fixed length control field 210215b xxu||||| |||| 00| 0 eng d
020 ## - INTERNATIONAL STANDARD BOOK NUMBER
International Standard Book Number 9789937005180
041 ## - LANGUAGE CODE
Language code of text/sound track or separate title Nep.
082 ## - DEWEY DECIMAL CLASSIFICATION NUMBER
Classification number N334/N685s
100 ## - MAIN ENTRY--PERSONAL NAME
Personal name Nepal , Shiva Prasad
241 ## - ROMANIZED TITLE (BK AM CF MP MU VM)
Romanized title Sahakari lekhabidhi
245 ## - TITLE STATEMENT
Title सहकारी लेखाविधि
260 ## - PUBLICATION, DISTRIBUTION, ETC.
Place of publication, distribution, etc. Kathmandu:
Name of publisher, distributor, etc. Shova Nepal,
Date of publication, distribution, etc. 2073BS.
300 ## - PHYSICAL DESCRIPTION
Extent 166p.; illus.
504 ## - BIBLIOGRAPHY, ETC. NOTE
Bibliography, etc. note Bibliography.
650 ## - SUBJECT ADDED ENTRY--TOPICAL TERM
Topical term or geographic name entry element Cooperatives
650 ## - SUBJECT ADDED ENTRY--TOPICAL TERM
Topical term or geographic name entry element Cooperative bank
650 ## - SUBJECT ADDED ENTRY--TOPICAL TERM
Topical term or geographic name entry element Accounting system
942 ## - ADDED ENTRY ELEMENTS (KOHA)
Source of classification or shelving scheme Dewey Decimal Classification
Koha item type ISBN
Holdings
Withdrawn status Lost status Source of classification or shelving scheme Damaged status Not for loan Home library Current library Date acquired Total Checkouts Full call number Barcode Date last seen Price effective from Koha item type
    Dewey Decimal Classification     Tribhuvan University Central Library Tribhuvan University Central Library 02/15/2021   N334/N685s IS20080 02/15/2021 02/15/2021 ISBN
    Dewey Decimal Classification     Tribhuvan University Central Library Tribhuvan University Central Library 02/15/2021   N334/N685s IS20081 02/15/2021 02/15/2021 ISBN